000 00803nab a2200241 u 4500
001 10435
003 HDC
007 cr bn ---aaaaa
008 210204c9999 |r|nos 0 a may d
040 _aHDC
110 _aYahoo Malaysia
245 0 _aPenghantaran Halal Pertama Maskargo Tiba Di Uk
260 _a[no place] :
_b[publisher not identified],
_c[no year]
336 _atext
_2rdacontent
337 _acomputer
_2rdamedia
338 _aonline resource
_2rdacarrier
650 _aHalal product delivery
_910685
650 _aMalaysia Airlines (MAS)
_910686
856 _zRequest full-text at [email protected]
942 _2lcc
942 _cNEWS
942 _kNWSO 000194
999 _c7758
_d7758